|
|
|
|
| LEADER |
00000cam a2200000 a 4500 |
| 001 |
vtls001378609 |
| 003 |
SK-MaSNL |
| 005 |
20260301115516.0 |
| 008 |
250225s1990 xo l grnf 00000 slo |
| 015 |
|
|
|a SNBA1990/08
|
| 020 |
|
|
|q (brožované)
|
| 035 |
|
|
|a SNK000332575
|
| 035 |
|
|
|a urn:nbn:sk:snk-amk4pe
|
| 035 |
|
|
|a urn:nbn:sk:snk-am003bj3
|
| 035 |
|
|
|a ADCE1DFC-5D12-48B5-9EAE-22BD8F5079DC
|
| 040 |
|
|
|a SNK
|b slo
|c SNK
|e AACR2
|
| 041 |
0 |
|
|a slo
|
| 044 |
|
|
|a xo
|c SK
|
| 072 |
|
7 |
|a 004.9
|x Špeciálne počítačové metódy. Počítačová grafika
|2 konspekt
|
| 072 |
|
7 |
|a 004.3
|x Počítače. Hardvér
|2 konspekt
|
| 080 |
|
|
|a 004.38
|2 2011
|
| 080 |
|
|
|a 004.491.22
|2 2011
|
| 080 |
|
|
|a (035)
|2 2011
|
| 100 |
1 |
|
|a Lamačka, Pavel, 1946-
|4 aut
|9 156206
|
| 245 |
1 |
0 |
|a Vírusy a iné infiltrácie počítačov
|c Pavel Lamačka
|
| 260 |
|
|
|a Bratislava
|b Coopex
|c 1990
|
| 300 |
|
|
|a [77] nečíslovaných strán
|b schémy
|c 23 cm
|
| 504 |
|
|
|a Obsahuje bibliografiu
|
| 650 |
0 |
7 |
|a počítače
|2 SNKPH
|9 2027
|
| 650 |
0 |
7 |
|a počítačové vírusy
|2 SNKPH
|9 1844
|
| 650 |
0 |
7 |
|a ochrana počítačových systémov
|2 SNKPH
|9 460637
|
| 655 |
|
7 |
|a príručky
|2 SNKPH
|9 74364
|
| 852 |
|
|
|a Slovenská národná knižnica
|
| 954 |
|
|
|a odborná, vedecká literatúra pôvodná (slovenská)
|2 lita
|
| 958 |
|
|
|a EUIPO
|
| 958 |
|
|
|a RK
|
| 958 |
|
|
|a TL
|
| 958 |
|
|
|a OND
|
| 958 |
|
|
|a NB
|
| 999 |
|
|
|c 722449
|d 724379
|
| 952 |
|
|
|a SNK
|b SNK
|y PREZ
|7 0
|p 17A0291985
|o snkSC 104319
|i snkD 316/2001
|8 1
|0 0
|1 0
|4 0
|d 2001-03-08
|f 1
|l 0
|r 2025-09-25 00:00:00
|w 2026-02-23
|
| 952 |
|
|
|a SNK
|b SNK
|y VYP
|7 0
|p 17A1121684
|o snkSC 104319 D1
|i snk2014/24963
|8 1
|0 0
|1 0
|4 0
|d 2014-11-13
|l 0
|r 2026-02-23 22:04:02
|w 2026-02-23
|